00339cam a22001097a 4500008004000000082002200040100002500062245004700087260005300134300001000187440003200197180718b1952 xxu||||| |||| 00| 0 eng d aA81x5411 In2/51/9 aCensus of India 1951 aAssam district census handbook, Naga Hills aGauhatibSuperintendent, Census Operationsc1952 a98+p. aCensus of India 1951. Assam